000 00713nam a2200241Ia 4500
003 GCL
008 140319s9999 xx 000 0 ara d
020 _a4477702977
040 _aGCL /
_cGCL
082 0 4 _a150
_bف ا
100 1 _aفرج عبدالقادر طه
245 1 0 _aاصول علم النفس الحديث /
_cفرج عبدالقادر طه
250 _aالثانية
260 _aالقاهرة :
_bدار المعارف ،
_c1994
300 _a307 ص ؛
_c24 سم
650 0 4 _aالصحة النفسية
650 0 4 _aعلم النفس
650 0 4 _aالشخصية
650 0 4 _aالذكاء
650 0 4 _aالادراك
650 0 4 _aالتوافق النفسى
942 _2ddc
_cBK
999 _c51723
_d51723